Normal view
MARC view
- Electronics Engineering-Project Reprot
Entry Topical Term
001 - CONTROL NUMBER
- control field: 34441
003 - CONTROL NUMBER IDENTIFIER
- control field: NUST
005 - DATE AND TIME OF LATEST TRANSACTION
- control field: 20201023110347.0
008 - FIXED-LENGTH DATA ELEMENTS
- fixed length control field: 201023|| aca||aabn | a|a d
040 ## - CATALOGING SOURCE
- Original cataloging agency: NUST
- Transcribing agency: NUST
150 ## - HEADING--TOPICAL TERM
- Topical term or geographic name entry element: Electronics Engineering-Project Reprot
670 ## - SOURCE DATA FOUND
- Source citation: Work cat.: (NUST): Sarosh Khan, Saeed Yaseen, Waqas Ali & M. Waqas Malik 34440, COST BENEFIT ANAYSIS /, 2006.
